<?xml version="1.0" encoding="UTF-8"?><marc:collection xmlns:marc="http://www.loc.gov/MARC21/slim">
  <marc:record>
    <marc:leader>00000nam##2200000za#4500</marc:leader>
    <marc:controlfield tag="001">9.670998</marc:controlfield>
    <marc:controlfield tag="003">CaOODSP</marc:controlfield>
    <marc:controlfield tag="005">20220217114142</marc:controlfield>
    <marc:controlfield tag="007">ta</marc:controlfield>
    <marc:controlfield tag="008">150407|2009||||xxc|||||     f|0| 0 fre|d</marc:controlfield>
    <marc:datafield tag="020" ind1=" " ind2=" ">
      <marc:subfield code="a">978-0-662-06566-1</marc:subfield>
    </marc:datafield>
    <marc:datafield tag="040" ind1=" " ind2=" ">
      <marc:subfield code="a">CaOODSP</marc:subfield>
      <marc:subfield code="b">fre</marc:subfield>
    </marc:datafield>
    <marc:datafield tag="041" ind1=" " ind2=" ">
      <marc:subfield code="a">eng</marc:subfield>
    </marc:datafield>
    <marc:datafield tag="041" ind1=" " ind2=" ">
      <marc:subfield code="a">fre</marc:subfield>
    </marc:datafield>
    <marc:datafield tag="043" ind1=" " ind2=" ">
      <marc:subfield code="a">n-cn---</marc:subfield>
    </marc:datafield>
    <marc:datafield tag="086" ind1="1" ind2=" ">
      <marc:subfield code="a">SB4-9/2009</marc:subfield>
    </marc:datafield>
    <marc:datafield tag="110" ind1="2" ind2=" ">
      <marc:subfield code="a">Bibliothèque et archives Canada.</marc:subfield>
    </marc:datafield>
    <marc:datafield tag="245" ind1="1" ind2="0">
      <marc:subfield code="a">Les premiers ministres du Canada : </marc:subfield>
      <marc:subfield code="b">trousse pédagogique </marc:subfield>
    </marc:datafield>
    <marc:datafield tag="246" ind1="1" ind2="4">
      <marc:subfield code="a">Les premiers ministres du Canada - le premier ministre dans la vie et la politique au Canada</marc:subfield>
    </marc:datafield>
    <marc:datafield tag="260" ind1=" " ind2=" ">
      <marc:subfield code="a">Ottawa - Ontario : </marc:subfield>
      <marc:subfield code="b">Bibliothèque et Archives Canada </marc:subfield>
      <marc:subfield code="c">c2009.</marc:subfield>
    </marc:datafield>
    <marc:datafield tag="300" ind1=" " ind2=" ">
      <marc:subfield code="a">56p. : </marc:subfield>
      <marc:subfield code="b">figures, tableaux, photographies ; </marc:subfield>
      <marc:subfield code="c">28 cm.</marc:subfield>
    </marc:datafield>
    <marc:datafield tag="500" ind1=" " ind2=" ">
      <marc:subfield code="a">"Cette trousse comprend : des activités éducatives; des fiches biographiques et des «faits en bref» relatifs à chaque premier ministre; une affiche; un disque compact incluant des documents d'archives ainsi que le contenu complet de la trousse".</marc:subfield>
    </marc:datafield>
    <marc:datafield tag="520" ind1="3" ind2=" ">
      <marc:subfield code="a">La trousse propose des activités éducatives présentées sous forme de cinq épreuves critiques créées à l’intention d’élèves de la 9e à la 12e année (1er et 2e cycles du secondaire au Québec) étudiant l’histoire canadienne, le domaine des études sociales, l’éducation civique ou autres matières enseignées au Canada. Chaque épreuve permet d’explorer les divers aspects des vies personnelle et professionnelle des premiers ministres du pays. Afin de mener à bien les travaux proposés au cours de ces épreuves, les élèves poursuivront leurs recherches à partir de documents d’archives et ils témoigneront de ce qu’ils ont appris par l’entremise de produits multisensoriels. Une affiche et 22 cartes biographiques sont incluses.</marc:subfield>
    </marc:datafield>
    <marc:datafield tag="563" ind1=" " ind2=" ">
      <marc:subfield code="a">Reliure à spirale</marc:subfield>
    </marc:datafield>
    <marc:datafield tag="590" ind1=" " ind2=" ">
      <marc:subfield code="a">10-06</marc:subfield>
      <marc:subfield code="b">2010-02-12</marc:subfield>
    </marc:datafield>
    <marc:datafield tag="691" ind1="0" ind2="7">
      <marc:subfield code="a">Ressources pédagogiques</marc:subfield>
      <marc:subfield code="2">gcpds</marc:subfield>
    </marc:datafield>
    <marc:datafield tag="776" ind1="0" ind2="#">
      <marc:subfield code="t">Canada's Prime Ministers </marc:subfield>
      <marc:subfield code="w">(CaOODSP)9.670999</marc:subfield>
    </marc:datafield>
    <marc:datafield tag="776" ind1="0" ind2="#">
      <marc:subfield code="t">The prime ministers of Canada : </marc:subfield>
      <marc:subfield code="w">(CaOODSP)9.691925</marc:subfield>
    </marc:datafield>
    <marc:datafield tag="776" ind1="0" ind2="#">
      <marc:subfield code="t">Les premiers ministres du Canada : </marc:subfield>
      <marc:subfield code="w">(CaOODSP)9.636220</marc:subfield>
    </marc:datafield>
    <marc:datafield tag="791" ind1=" " ind2=" ">
      <marc:subfield code="t">The prime ministers of Canada : </marc:subfield>
      <marc:subfield code="e">eng</marc:subfield>
      <marc:subfield code="w">(CaOODSP)9.670997</marc:subfield>
    </marc:datafield>
  </marc:record>
</marc:collection>
